| 000 | 00497nam a2200181Ia 4500 | ||
|---|---|---|---|
| 001 | 16938 | ||
| 005 | 20260306170348.0 | ||
| 008 | 260306t2011||||xx |||||||||||||| ||und|| | ||
| 041 | _aESP | ||
| 082 |
_a657.3 _bP13 |
||
| 100 |
_aPacheco Coello, Carlos E. _eAUT |
||
| 245 | 0 |
_aLa información financiera y administrativa: _benlace estratétigico para la toma de decisiones |
|
| 260 | _c2011 | ||
| 300 |
_a215 páginas : _c21 cm. |
||
| 650 | _aGEN | ||
| 654 | _aCCO | ||
| 942 |
_cLIB _dJUS _fJUS _2ddc _n |
||
| 999 |
_c16938 _d16938 |
||